[Event "Jaffna op"]
[Site "Jaffna"]
[Date "2023.12.10"]
[Round "5"]
[White "Lakshitha, HH Sasindu"]
[Black "Dissanayake, RKT"]
[Result "1/2-1/2"]
[WhiteElo "1469"]
[BlackElo "1865"]
[PlyCount "177"]
[EventDate "2023.12.08"]
[EventType "swiss"]
[EventRounds "10"]
[EventCountry "SRI"]
[SourceTitle "CB51_2023"]
[SourceDate "2023.12.20"]
[SourceVersion "1"]
[SourceVersionDate "2023.12.20"]
[SourceQuality "1"]

1. c4 Nf6 2. Nc3 e6 3. g3 d5 4. cxd5 exd5 5. d4 c6 6. Qc2 Be7 7. Nf3 0-0 8. Bg2 Nbd7 9. 0-0 Re8 10. Bf4 Nh5 11. Nxd5 Nxf4 12. Nxf4 Nf8 13. e3 g5 14. Ne2 Be6 15. Nc3 Rc8 16. Rfd1 Qa5 17. Ne5 Ng6 18. Nxg6 hxg6 19. Qe2 Kg7 20. e4 Rcd8 21. Qc2 Bg4 22. Rd2 Bd6 23. a3 Re7 24. Na4 b5 25. Nc3 Qb6 26. h3 Bc8 27. Rad1 Bb8 28. Kh2 Rh8 29. d5 Bxh3 30. Bxh3 g4 31. dxc6 Rxh3+ 32. Kg2 Qxc6 33. Nd5 Qxc2 34. Rxc2 Rxe4 35. Ne3 Rxe3 36. fxe3 Rxg3+ 37. Kf2 Rh3 38. Rg1 g3+ 39. Kf3 Rh5 40. Rd1 Rf5+ 41. Kg2 Rh5 42. Rh1 Rd5 43. Rh4 Kf6 44. Rd4 Rh5 45. Kg1 Be5 46. Rd7 a5 47. Ra7 b4 48. Rxa5 bxa3 49. bxa3 Rf5 50. Ra6+ Kg5 51. a4 Rf3 52. Re2 Bc7 53. Rc6 Bb8 54. a5 Rf5 55. Ra2 Ba7 56. Rc3 Re5 57. Kg2 Bxe3 58. Kxg3 Ba7 59. Rd3 f5 60. a6 Re7 61. Rb3 Re8 62. Rb7 Ra8 63. Ra4 Bb8+ 64. Kf3 Ba7 65. Rc4 Bg1 66. Rc6 Kh6 67. Rb2 Ba7 68. Rg2 Rg8 69. Rh2+ Kg5 70. Rh7 Bd4 71. Rhc7 Re8 72. a7 Re3+ 73. Kg2 Ra3 74. Rd7 Bxa7 75. Rdd6 Ra2+ 76. Kf1 Kf4 77. Rxg6 Kf3 78. Rc3+ Be3 79. Rxe3+ Kxe3 80. Rb6 f4 81. Rb3+ Ke4 82. Rc3 Rh2 83. Ra3 Kf5 84. Kg1 Rb2 85. Rc3 Kg4 86. Ra3 Rb1+ 87. Kf2 Rb2+ 88. Kf1 f3 89. Ra7 1/2-1/2

[Event "Western Asia-ch U20"]
[Site "Colombo"]
[Date "2023.12.05"]
[Round "9"]
[White "Wijerathna, Vinuka Dihain"]
[Black "Dissanayake, RKT"]
[Result "0-1"]
[WhiteElo "1534"]
[BlackElo "1865"]
[PlyCount "128"]
[EventDate "2023.11.30"]
[EventType "swiss"]
[EventRounds "9"]
[EventCountry "SRI"]
[SourceTitle "CB50_2023"]
[SourceDate "2023.12.13"]
[SourceVersion "1"]
[SourceVersionDate "2023.12.13"]
[SourceQuality "1"]

1. e4 c5 2. Nf3 d6 3. Bb5+ Nc6 4. 0-0 e5 5. Re1 Nf6 6. c3 a6 7. Bf1 Be7 8. d4 Qc7 9. h3 h6 10. Be3 Nxe4 11. d5 Nf6 12. dxc6 bxc6 13. Na3 g5 14. Nh2 Nd5 15. Be2 f5 16. Bh5+ Kf8 17. Nc4 Be6 18. Qc2 Nf6 19. Be2 Kg7 20. Bf1 e4 21. Rad1 d5 22. Na3 Bd6 23. g3 f4 24. Bc1 fxg3 25. fxg3 Bxg3 26. Re2 Nh5 27. Be3 Bd6 28. Red2 Bxh2+ 29. Rxh2 Qg3+ 30. Kh1 Qxe3 31. Qf2 Qxf2 32. Rxf2 Ng3+ 33. Kg2 Nxf1 34. Rdxf1 Rhf8 35. Nc2 a5 36. Ne3 Rxf2+ 37. Rxf2 Rf8 38. Re2 Rf3 39. Nc2 Bxh3+ 40. Kh2 Bg4 41. Rg2 h5 42. b4 axb4 43. cxb4 cxb4 44. Nxb4 Rc3 45. Rc2 Rxc2+ 46. Nxc2 Bd1 47. Nd4 Ba4 48. Ne6+ Kf6 49. Nc5 Bb5 50. a4 Bc4 51. a5 e3 52. Kg3 h4+ 53. Kf3 h3 54. a6 Bxa6 55. Nxa6 h2 56. Kg2 e2 57. Kxh2 e1Q 58. Nc5 Qf2+ 59. Kh1 Qxc5 60. Kg2 Qe3 61. Kf1 Qd2 62. Kg1 g4 63. Kf1 g3 64. Kg1 Qf2+ 0-1

[Event "Colombo Katubedda op"]
[Site "Colombo"]
[Date "2023.07.01"]
[Round "6"]
[White "Dissanayake, RKT"]
[Black "Sivathanujan, S."]
[Result "1-0"]
[WhiteElo "1882"]
[BlackElo "1829"]
[PlyCount "125"]
[EventDate "2023.06.29"]
[EventType "swiss"]
[EventRounds "9"]
[EventCountry "SRI"]
[SourceTitle "EXT 2024"]
[Source "ChessBase"]
[SourceDate "2023.10.10"]
[SourceVersion "1"]
[SourceVersionDate "2023.10.10"]
[SourceQuality "1"]

1. Nf3 c5 2. c4 e6 3. Nc3 a6 4. g3 h5 5. Bg2 Be7 6. h4 Nf6 7. 0-0 Nc6 8. d4 cxd4 9. Nxd4 Qc7 10. Bg5 b6 11. Rc1 Bb7 12. Nd5 exd5 13. cxd5 Nxd5 14. Bxd5 Bxg5 15. hxg5 h4 16. Qd3 0-0-0 17. Qf3 Kb8 18. Nxc6+ dxc6 19. Bxc6 hxg3 20. fxg3 Rd7 21. Bxb7 Qxb7 22. Rc2 Rc8 23. Qf4+ Ka7 24. Rxc8 Qxc8 25. Rc1 Qb7 26. Kf2 a5 27. a3 Qd5 28. Rc7+ Rxc7 29. Qxc7+ Ka6 30. Qf4 g6 31. Qe3 Qf5+ 32. Kg2 Qd5+ 33. Qf3 Qa2 34. Qa8+ Kb5 35. Qe8+ Ka6 36. Qe5 Qc4 37. Kf3 Qb3+ 38. e3 Qd1+ 39. Ke4 Qc2+ 40. Kf3 Qd1+ 41. Kf4 Qf1+ 42. Ke4 Qg2+ 43. Kd3 Qf1+ 44. Kc3 Qc1+ 45. Kb3 Qd1+ 46. Ka2 a4 47. Qd4 Qb3+ 48. Kb1 Qb5 49. g4 Qf1+ 50. Kc2 Qe2+ 51. Kc3 Qe1+ 52. Kc4 Qe2+ 53. Kd5 Qb5+ 54. Kd6 Qxg5 55. Qxa4+ Kb7 56. Qe4+ Ka6 57. Qa8+ Kb5 58. Qd5+ Qxd5+ 59. Kxd5 Ka4 60. Kc6 b5 61. Kc5 g5 62. e4 f6 63. b4 1-0

[Event "Colombo Katubedda op"]
[Site "Colombo"]
[Date "2023.07.01"]
[Round "5"]
[White "Induwara, THD Thisarindu"]
[Black "Dissanayake, RKT"]
[Result "0-1"]
[WhiteElo "1607"]
[BlackElo "1882"]
[PlyCount "152"]
[EventDate "2023.06.29"]
[EventType "swiss"]
[EventRounds "9"]
[EventCountry "SRI"]
[SourceTitle "EXT 2024"]
[Source "ChessBase"]
[SourceDate "2023.10.10"]
[SourceVersion "1"]
[SourceVersionDate "2023.10.10"]
[SourceQuality "1"]

1. e4 c5 2. Nf3 d6 3. Bb5+ Nc6 4. d4 cxd4 5. Nxd4 Bd7 6. 0-0 Nf6 7. Nc3 g6 8. Be3 Bg7 9. f3 0-0 10. Qd2 a6 11. Be2 Rc8 12. Rad1 Qc7 13. g4 Nxd4 14. Bxd4 Bc6 15. Qe3 Nd7 16. Bxg7 Kxg7 17. Qd4+ Kg8 18. Rd2 Qb6 19. Kg2 Qxd4 20. Rxd4 f5 21. Bc4+ Kg7 22. exf5 gxf5 23. Be6 fxg4 24. Rxg4+ Kh8 25. Ne2 Rc7 26. Nd4 Ne5 27. Rg3 Ng6 28. Rg1 Bxf3+ 29. Kh3 Be4 30. Rg4 Rf4 31. Kg3 Rxg4+ 32. Kxg4 Bxc2 33. Kh5 Kg7 34. b4 Kf6 35. Re1 Nf4+ 36. Kh6 Nxe6 37. Rxe6+ Kf7 38. Re2 Bg6 39. Ne6 Rc4 40. Nd8+ Kf6 41. Re6+ Kf5 42. Rxe7 Rxb4 43. Rd7 Ke5 44. Re7+ Kd5 45. Nxb7 Rh4+ 46. Kg5 Rxh2 47. Re1 Rxa2 48. Rd1+ Kc6 49. Nxd6 Ra5+ 50. Kf4 Rd5 51. Rxd5 Kxd5 52. Nb7 Kc4 53. Ke3 Kb4 54. Kd2 h5 55. Nd8 h4 56. Nc6+ Kb3 57. Ke3 Be8 58. Nd4+ Kb2 59. Ne6 a5 60. Nc5 a4 61. Kf4 a3 62. Nd3+ Kc3 63. Nc1 Bd7 64. Ke3 Kb2 65. Nd3+ Kb1 66. Nb4 a2 67. Nxa2 Kxa2 68. Kf4 h3 69. Kg3 Kb2 70. Kf3 Kc3 71. Kg3 Kd4 72. Kf2 Ke4 73. Kg1 Kf3 74. Kh2 Kg4 75. Kh1 Kg3 76. Kg1 h2+ 0-1

[Event "Wch FIDE Online U18 Asia qual"]
[Site "Tornelo INT"]
[Date "2020.12.12"]
[Round "4"]
[White "Neelash, Saha"]
[Black "Dissanayake, RKT"]
[Result "1-0"]
[WhiteElo "2413"]
[BlackElo "1965"]
[PlyCount "91"]
[EventDate "2020.12.11"]
[EventType "swiss (rapid)"]
[EventRounds "7"]
[EventCountry "ISS"]
[SourceTitle "EXT 2022"]
[Source "ChessBase"]
[SourceDate "2021.10.06"]
[SourceVersion "1"]
[SourceVersionDate "2021.10.06"]
[SourceQuality "1"]

1. d4 Nf6 2. Bg5 Ne4 3. Bf4 d5 4. e3 e6 5. Bd3 Be7 6. c3 b6 7. Ne2 Bb7 8. f3 Nd6 9. Nd2 Nd7 10. 0-0 c5 11. Kh1 0-0 12. e4 cxd4 13. cxd4 f5 14. Qb3 Kh8 15. Bxd6 Bxd6 16. e5 Be7 17. Nf4 Rg8 18. Nxe6 Qb8 19. Bxf5 Nf8 20. Nxf8 Rxf8 21. Be6 Qd8 22. f4 a5 23. Qe3 Ba6 24. Rfc1 Ra7 25. Nf3 Bb4 26. a3 Be7 27. Rc2 Re8 28. Bg4 a4 29. Rac1 Bc4 30. Nd2 b5 31. Be2 Rf8 32. Bxc4 bxc4 33. Nb1 Qb6 34. Nc3 Ra5 35. Rf2 Qh6 36. Rcf1 Rb8 37. Qf3 Qc6 38. f5 Bf8 39. Qh5 Qb6 40. Qd1 Qc6 41. f6 g6 42. Qg4 Qb6 43. e6 Qd6 44. Re2 Raa8 45. e7 Bh6 46. f7 1-0

[Event "Wch FIDE Online U18 Asia qual"]
[Site "Tornelo INT"]
[Date "2020.12.11"]
[Round "1"]
[White "Ganerdene, Sugar"]
[Black "Dissanayake, RKT"]
[Result "1-0"]
[WhiteElo "2419"]
[BlackElo "1965"]
[PlyCount "83"]
[EventDate "2020.12.11"]
[EventType "swiss (rapid)"]
[EventRounds "7"]
[EventCountry "ISS"]
[SourceTitle "EXT 2022"]
[Source "ChessBase"]
[SourceDate "2021.10.06"]
[SourceVersion "1"]
[SourceVersionDate "2021.10.06"]
[SourceQuality "1"]

1. e4 c5 2. Nf3 d6 3. d4 cxd4 4. Nxd4 Nf6 5. Nc3 g6 6. Be3 Bg7 7. Be2 0-0 8. 0-0 Nc6 9. f4 a6 10. Bf3 Rb8 11. Nb3 Bd7 12. a4 b5 13. a5 b4 14. Nd5 Rb5 15. Nb6 Be6 16. e5 Nd5 17. Nxd5 dxe5 18. Nb6 Qc7 19. Be2 exf4 20. Bxf4 Re5 21. Kh1 Rd8 22. Bd3 Bxb3 23. cxb3 Qb7 24. Bxe5 Nxe5 25. Be4 Qb8 26. Qe2 h5 27. h3 f5 28. Bd5+ Kh7 29. Rad1 Qc7 30. Nc4 Nxc4 31. Bxc4 Re8 32. Qe6 Qg3 33. Rd3 Qg5 34. Rd7 h4 35. Qf7 Rf8 36. Qxe7 Qxe7 37. Rxe7 Rd8 38. Bxa6 Rd2 39. Bc4 Rxb2 40. a6 Ra2 41. Rd1 Kh6 42. Re6 1-0

[Event "SRI-chB"]
[Site "Maharaga"]
[Date "2020.03.07"]
[Round "2.9"]
[White "Lakshitha, HH Sasindu"]
[Black "Dissanayake, RKT"]
[Result "0-1"]
[WhiteElo "1671"]
[BlackElo "2015"]
[PlyCount "69"]
[EventDate "2020.03.06"]
[EventType "swiss"]
[EventRounds "11"]
[EventCountry "SRI"]
[SourceTitle "CBM 195 Extra"]
[Source "ChessBase"]
[SourceDate "2020.05.31"]
[SourceVersion "1"]
[SourceVersionDate "2020.05.31"]
[SourceQuality "1"]

1. d4 Nf6 2. Nf3 g6 3. c4 Bg7 4. Nc3 0-0 5. e4 d6 6. Be2 e5 7. 0-0 Nc6 8. dxe5 Nxe5 9. Nxe5 dxe5 10. Qxd8 Rxd8 11. Bg5 c6 12. Rfd1 Be6 13. f3 Re8 14. Be3 Bf8 15. Na4 Nd7 16. Rac1 Reb8 17. Kf2 Be7 18. c5 b5 19. cxb6 axb6 20. b3 b5 21. Nc3 Nf8 22. Bd3 f5 23. g3 Ba3 24. Rc2 Bb4 25. Nb1 Ra6 26. Bd2 Be7 27. Bc3 Nd7 28. Kg2 Rba8 29. exf5 gxf5 30. Rdd2 Kf7 31. b4 Bxa2 32. Rb2 Be6 33. Re2 Bf6 34. h3 h5 35. Kf2 0-1

[Event "SRI-ch"]
[Site "Colombo"]
[Date "2018.05.11"]
[Round "8"]
[White "Priyankara, Chamil Y"]
[Black "Dissanayake, RKT"]
[Result "1-0"]
[WhiteElo "2017"]
[BlackElo "1859"]
[PlyCount "59"]
[EventDate "2018.05.04"]
[EventType "tourn"]
[EventRounds "13"]
[EventCountry "SRI"]
[SourceTitle "CBM 184 Extra"]
[Source "ChessBase"]
[SourceDate "2018.06.28"]
[SourceVersion "1"]
[SourceVersionDate "2018.06.28"]
[SourceQuality "1"]

1. e4 c5 2. Nc3 a6 3. Nf3 Nc6 4. d4 cxd4 5. Nxd4 Nf6 6. Nxc6 dxc6 7. Qxd8+ Kxd8 8. Bf4 Be6 9. 0-0-0+ Kc8 10. Na4 b5 11. Nb6+ Kb7 12. Nxa8 Kxa8 13. f3 Nd7 14. Be2 h6 15. h4 g6 16. Rd2 Kb7 17. Rhd1 Kc8 18. c4 Bg7 19. Kb1 Nb6 20. cxb5 axb5 21. b3 f5 22. Be3 Nd7 23. Rc2 Kb7 24. Rdc1 Rc8 25. Bxb5 Ne5 26. Be2 Nf7 27. Ba6+ Kxa6 28. Rxc6+ Kb5 29. R1c5+ Kb4 30. Rb6+ 1-0